Elektrochemický aptasenzor na detekciu karcinómu prsníka

Enregistré dans:
Détails bibliographiques
Auteur principal: Slišková, Nina (Auteur)
Autres auteurs: Nemčeková, Katarína (Directeur de thèse)
Format: Manuscrit Livre
Langue:slovaque
Publié: 2023
Sujets:
Accès en ligne:http://is.stuba.sk/zp/portal_zp.pl?podrobnosti=162369
Tags: Ajouter un tag
Pas de tags, Soyez le premier à ajouter un tag!

MARC

LEADER 00000ntm a22000003a 4500
001 stuzp93900
003 SK-STU
005 20230909220429.6
007 ta
008 150427s2015----xo-----f-mn---000-0-slo-d
040 |a STU  |b slo 
041 0 |a slo 
100 1 |a Slišková, Nina  |u 041000  |4 aut  |U FCHPT Fakulta chemickej a potravinárskej technológie  |T FCHPT Ústav analytickej chémie  |X 110538  |U C1000  |Y 99  |7 110538 
242 0 1 |a Electrochemical aptasensor for detection of breast cancer biomarker  |y eng 
245 1 0 |a Elektrochemický aptasenzor na detekciu karcinómu prsníka 
260 |c 2023 
650 4 |a elektrochemický biosenzor  |2 slo 
650 4 |a DNA  |2 slo 
650 4 |a karcinóm prsníka  |2 slo 
650 4 |a electrochemical biosensor  |2 eng 
650 4 |a DNA  |2 eng 
650 4 |a breast cancer  |2 eng 
700 1 |a Nemčeková, Katarína  |4 ths  |X 61172  |7 61172 
856 4 |u http://is.stuba.sk/zp/portal_zp.pl?podrobnosti=162369